So sánh nhu cầu Protein của cá rô đầu vuông và cá rô đồng (Anabas testudineus Bloch, 1972) : Luận văn Cao học ngành Nuôi trồng Thủy sản

Đề tài khảo sát hàm lượng protein khác nhau trong thức ăn lên tăng trưởng và đánh giá hiệu quả sử dụng thức ăn, xác định thành phần sinh hóa và hoạt hóa enzyme của cá rô đồng và cá rô đầu vuông ở giai đoạn giống...

पूर्ण विवरण

में बचाया:
ग्रंथसूची विवरण
मुख्य लेखक: Trần, Gió Lạnh
स्वरूप: पुस्तक
भाषा:Undetermined
प्रकाशित: Cần Thơ Trường Đại học Cần Thơ 2014
विषय:
टैग : टैग जोड़ें
कोई टैग नहीं, इस रिकॉर्ड को टैग करने वाले पहले व्यक्ति बनें!
Thư viện lưu trữ: Trung tâm Học liệu Trường Đại học Cần Thơ
LEADER 01168nam a2200217Ia 4500
001 CTU_191042
008 210402s9999 xx 000 0 und d
082 |a 639.31 
082 |b L107 
088 |a 606270 
100 |a Trần, Gió Lạnh 
245 0 |a So sánh nhu cầu Protein của cá rô đầu vuông và cá rô đồng (Anabas testudineus Bloch, 1972) : 
245 0 |b Luận văn Cao học ngành Nuôi trồng Thủy sản 
245 0 |c Trần Gió Lạnh ; Trần Thị Thanh Hiền, Dương Thúy Yên (Cán bộ hướng dẫn) 
260 |a Cần Thơ 
260 |b Trường Đại học Cần Thơ 
260 |c 2014 
520 |a Đề tài khảo sát hàm lượng protein khác nhau trong thức ăn lên tăng trưởng và đánh giá hiệu quả sử dụng thức ăn, xác định thành phần sinh hóa và hoạt hóa enzyme của cá rô đồng và cá rô đầu vuông ở giai đoạn giống 
650 |a Freshwater fishes,Cá nước ngọt 
910 |a Hải 
980 |a Trung tâm Học liệu Trường Đại học Cần Thơ